|
|
|
|
| LEADER |
00000ntm a22000007u 4500 |
| 001 |
zp19872 |
| 041 |
|
|
|a cze
|
| 100 |
1 |
|
|a Špendlíková, Lenka
|4 dis
|
| 245 |
1 |
0 |
|a Rozvoj kompetencí sociálního pedagoga
|
| 246 |
|
|
|a The skills development of the social educator
|
| 260 |
|
|
|c 2011
|
| 300 |
|
|
|a 38 s., 3 s., 2s., 2 s., 3 s.,
|
| 500 |
|
|
|a Studijní obor: Sociální pedagogika
|
| 500 |
|
|
|a Studijní obor: Social pedagogy
|
| 500 |
|
|
|a Ústav: Ústav pedagogických věd
|
| 500 |
|
|
|a Univerzita Tomáše Bati ve Zlíně. Fakulta humanitních studií
|
| 500 |
|
|
|a Tomas Bata University in Zlín. Faculty of Humanities
|
| 506 |
|
|
|a Bez omezení
|
| 653 |
|
|
|a formativní kompetence
|
| 653 |
|
|
|a informativní kompetence
|
| 653 |
|
|
|a klient
|
| 653 |
|
|
|a sociální práce
|
| 653 |
|
|
|a intelektuální dovednosti
|
| 653 |
|
|
|a emoční inteligence
|
| 653 |
|
|
|a komunikační dovednosti
|
| 653 |
|
|
|a rozvoj
|
| 653 |
|
|
|a stres
|
| 653 |
|
|
|a syndrom vyhoření
|
| 653 |
|
|
|a formative skills
|
| 653 |
|
|
|a informative skills
|
| 653 |
|
|
|a client
|
| 653 |
|
|
|a social work
|
| 653 |
|
|
|a intellectual abilities
|
| 653 |
|
|
|a emotional intelligence
|
| 653 |
|
|
|a communication abilities
|
| 653 |
|
|
|a development
|
| 653 |
|
|
|a stress
|
| 653 |
|
|
|a syndrom burnt-out
|
| 655 |
|
4 |
|a bakalářská práce
|
| 700 |
1 |
|
|a Řeháčková, Helena
|4 ths
|
| 710 |
2 |
|
|a Univerzita Tomáše Bati ve Zlíně. Fakulta humanitních studií
|4 dgg
|
| 710 |
2 |
|
|a Tomas Bata University in Zlín. Faculty of Humanities
|4 dgg
|
| 856 |
4 |
0 |
|u http://hdl.handle.net/10563/16876
|y Plný text v Digitální knihovně UTB
|